[Event "USCL New York vs Seattle"]
[Site "Internet Chess Club"]
[Date "2008.09.29"]
[Round "6"]
[White "Bonin, Jay"]
[Black "Milat, Marcel"]
[Result "1/2-1/2"]
[WhiteElo "2370"]
[BlackElo "2354"]
[PlyCount "119"]
[EventDate "2008.??.??"]

1. d4 Nf6 2. Nf3 g6 3. c4 Bg7 4. Nc3 d5 5. cxd5 Nxd5 6. e4 Nxc3 7. bxc3 O-O 8.
Be2 c5 9. Rb1 cxd4 10. cxd4 Qa5+ 11. Qd2 Qxd2+ 12. Bxd2 e6 13. O-O b6 14. Bc4
Ba6 15. Rfc1 Rc8 16. Bxa6 Nxa6 17. a4 Kf8 18. a5 Rxc1+ 19. Rxc1 Ke8 20. Kf1 Kd7
21. axb6 axb6 22. Bf4 f5 23. exf5 gxf5 24. Be5 Bh6 25. Rb1 Kc6 26. d5+ Kxd5 27.
Rxb6 Bf8 28. Rb7 Nc5 29. Rxh7 Bd6 30. Rh8 Rxh8 31. Bxh8 e5 32. h3 e4 33. Nd4
Be5 34. Bxe5 Kxe5 35. Ne2 Ne6 36. g3 Ng5 37. Nf4 Nf3 38. Ke2 Nd4+ 39. Ke3 Nc2+
40. Kd2 Nd4 41. h4 Nf3+ 42. Ke3 Nh2 43. Nh3 Ng4+ 44. Ke2 Nh6 45. f3 exf3+ 46.
Kxf3 Ng4 47. Nf2 Nh6 48. Nd3+ Kd4 49. Nf2 Ke5 50. Ke3 Ng8 51. Nd3+ Kf6 52. Kd4
Nh6 53. Kd5 Ng4 54. Kd6 Ne3 55. Nf4 Nf1 56. Ne2 Kg6 57. Ke5 Kh5 58. Nf4+ Kg4
59. h5 Kg5 60. h6 1/2-1/2

[Event "USCL Arizona vs San Francisco"]
[Site "Internet Chess Club"]
[Date "2008.09.29"]
[Round "6"]
[White "Pruess, David"]
[Black "Ginsburg, Mark"]
[Result "1-0"]
[WhiteElo "2479"]
[BlackElo "2410"]
[PlyCount "45"]
[EventDate "2008.??.??"]

1. d4 Nf6 2. Nc3 d5 3. Bg5 c6 4. Qd2 Qa5 5. f3 e6 6. e4 Bb4 7. Nge2 dxe4 8.
Bxf6 e3 9. Qxe3 gxf6 10. O-O-O Nd7 11. d5 Bc5 12. Nd4 e5 13. Qe1 Qb6 14. Nf5
Bf2 15. Qe2 Bc5 16. f4 Rg8 17. Qh5 Nf8 18. Bc4 Qb4 19. Ne4 Bxf5 20. Qxf5 Rxg2
21. Nxf6+ Kd8 22. dxc6+ Bd4 23. c7+ 1-0

[Event "USCL Arizona vs San Francisco"]
[Site "Internet Chess Club"]
[Date "2008.09.29"]
[Round "6"]
[White "Naroditsky, Daniel"]
[Black "Martinez, Leo"]
[Result "1/2-1/2"]
[WhiteElo "2321"]
[BlackElo "2209"]
[PlyCount "120"]
[EventDate "2008.??.??"]

1. Nf3 Nf6 2. g3 b6 3. Bg2 Bb7 4. O-O e6 5. d3 d5 6. Nbd2 Nbd7 7. e4 dxe4 8.
dxe4 Nc5 9. Qe2 Nfxe4 10. Nxe4 Nxe4 11. Ng5 Nd6 12. Bxb7 Nxb7 13. Qf3 Nd6 14.
Rd1 Be7 15. Nxf7 O-O 16. Nxd8 Rxf3 17. Nxe6 Rf7 18. Nxc7 Rc8 19. Nd5 Rxc2 20.
Nxe7+ Rxe7 21. Rxd6 Re1+ 22. Kg2 Rcxc1 23. Rxc1 Rxc1 24. Rd8+ Kf7 25. Rd7+ Kf6
26. Rxa7 Rc2 27. b3 Rb2 28. Ra6 Kf7 29. Rxb6 Rxa2 30. Rb7+ Kf6 31. b4 Rb2 32.
b5 Rb3 33. b6 Kg6 34. Rb8 h5 35. h3 Kh7 36. b7 Rb2 37. Kf1 Kg6 38. f4 Rb4 39.
Ke2 Rb3 40. f5+ Kh7 41. h4 Rb5 42. Ke3 Rb4 43. g4 Rb3+ 44. Ke2 Rb2+ 45. Ke3
Rb3+ 46. Kd2 hxg4 47. Ke2 Rb5 48. h5 g3 49. h6 g2 50. Kf2 Rxf5+ 51. Kxg2 Rb5
52. hxg7 Kxg7 53. Kf3 Rb3+ 54. Ke4 Rb4+ 55. Kd5 Rb1 56. Kc4 Rc1+ 57. Kb3 Rb1+
58. Ka3 Kh7 59. Ka2 Rb6 60. Rc8 Rxb7 1/2-1/2

[Event "USCL Boston vs Philadelphia"]
[Site "Internet Chess Club"]
[Date "2008.10.01"]
[Round "6"]
[White "Sammour-Hasbun, Jorge"]
[Black "Kudrin, Sergey"]
[Result "0-1"]
[WhiteElo "2576"]
[BlackElo "2600"]
[PlyCount "66"]
[EventDate "2008.??.??"]

1. e4 c5 2. Nf3 Nc6 3. d4 cxd4 4. Nxd4 g6 5. Nc3 Bg7 6. Be3 Nf6 7. Nxc6 bxc6 8.
e5 Ng8 9. f4 Nh6 10. Qd2 O-O 11. O-O-O d6 12. h3 Nf5 13. Bf2 c5 14. g4 Nd4 15.
Bg2 Rb8 16. Bxd4 cxd4 17. Qxd4 Qa5 18. Rhe1 dxe5 19. fxe5 Be6 20. Bd5 Rfd8 21.
Kb1 Rd7 22. Re3 Rbd8 23. Red3 Bxd5 24. Nxd5 Rxd5 25. Qxd5 Rxd5 26. Rxd5 Qb6 27.
Rd8+ Bf8 28. a4 Kg7 29. g5 e6 30. R8d7 Ba3 31. b3 Qf2 32. Rb7 Qf3 33. Rdd7 Qc3
0-1

[Event "USCL Carolina vs Queens"]
[Site "Internet Chess Club"]
[Date "2008.10.01"]
[Round "6"]
[White "Simpson, Ron"]
[Black "Thaler, Michael"]
[Result "1-0"]
[WhiteElo "2346"]
[BlackElo "2210"]
[PlyCount "85"]
[EventDate "2008.??.??"]

1. e4 c5 2. c4 e6 3. Nc3 Nc6 4. g3 Nge7 5. Bg2 g6 6. Nge2 Bg7 7. O-O O-O 8. d3
d6 9. Bg5 h6 10. Be3 Nd4 11. Qd2 Kh7 12. Bxd4 cxd4 13. Nb5 Nc6 14. b4 a6 15.
Na3 a5 16. b5 Nb8 17. Qb2 e5 18. f4 Nd7 19. Nc2 Nc5 20. Qa3 Qc7 21. f5 Bd7 22.
Rf2 Bf6 23. Raf1 Kg7 24. g4 Bg5 25. Ng3 Bf4 26. Rf3 Bxg3 27. Rxg3 g5 28. h4 f6
29. Rh3 Be8 30. Rf2 Bf7 31. Bf1 Rh8 32. Rfh2 Rag8 33. Be2 Nd7 34. Kg2 b6 35.
Qc1 Qb7 36. Ne1 Rc8 37. Nf3 Bxc4 38. Qh1 Bxb5 39. hxg5 Rc2 40. Kg3 Nf8 41. Rxh6
Rxh6 42. Rxh6 Rxe2 43. gxf6+ 1-0

[Event "USCL Carolina vs Queens"]
[Site "Internet Chess Club"]
[Date "2008.10.01"]
[Round "6"]
[White "Milman, Lev"]
[Black "Schneider, Dmitry"]
[Result "1/2-1/2"]
[WhiteElo "2502"]
[BlackElo "2508"]
[PlyCount "92"]
[EventDate "2008.??.??"]

1. e4 e5 2. Nf3 Nc6 3. Bb5 a6 4. Ba4 Nf6 5. O-O Be7 6. Re1 b5 7. Bb3 d6 8. c3
O-O 9. h3 Nb8 10. d3 Nbd7 11. Nbd2 Bb7 12. Nf1 Re8 13. Ng3 Bf8 14. Ng5 d5 15.
exd5 Nc5 16. d6 Nxb3 17. Qxb3 Nd5 18. c4 Nf4 19. Bxf4 exf4 20. N3e4 cxd6 21.
Nf3 d5 22. Ned2 dxc4 23. dxc4 Qb6 24. Ne5 Bc5 25. Nd3 Qg6 26. Nxf4 Qg5 27. g3
Bd6 28. Nf3 Qc5 29. cxb5 Bxf4 30. gxf4 axb5 31. Ne5 Bd5 32. Qe3 Qc2 33. Qd3
Qxd3 34. Nxd3 Rxe1+ 35. Rxe1 Bxa2 36. Ra1 Bd5 37. Rxa8+ Bxa8 38. Kf1 Kf8 39.
Ke2 Ke7 40. Ke3 Kd6 41. Kd4 f6 42. Nc5 Bg2 43. h4 Bf3 44. b4 Bg2 45. Ne4+ Bxe4
46. Kxe4 Ke6 1/2-1/2

[Event "USCL Chicago vs Miami"]
[Site "Internet Chess Club"]
[Date "2008.10.01"]
[Round "6"]
[White "Rodriguez, Eric"]
[Black "Burgess, Jon"]
[Result "1-0"]
[WhiteElo "2242"]
[BlackElo "2263"]
[PlyCount "81"]
[EventDate "2008.??.??"]

1. d4 d5 2. c4 c6 3. Nf3 Nf6 4. Nc3 e6 5. g3 Be7 6. Bg2 O-O 7. O-O Nbd7 8. Qd3
b6 9. b3 Bb7 10. Rd1 Rc8 11. e4 dxe4 12. Nxe4 c5 13. Nfg5 Nxe4 14. Nxe4 cxd4
15. Qxd4 Nc5 16. Nxc5 Qxd4 17. Rxd4 Bxc5 18. Rd1 Bxg2 19. Kxg2 Rfd8 20. Bb2 f6
21. f4 Kf7 22. Kf3 Ke7 23. Ke2 Rxd1 24. Rxd1 Rd8 25. Rc1 h5 26. Bc3 a5 27. Ra1
Bd4 28. Bxd4 Rxd4 29. Ke3 Rd8 30. a3 Rc8 31. Kd4 Rd8+ 32. Kc3 h4 33. b4 hxg3
34. hxg3 Rh8 35. bxa5 bxa5 36. Rb1 Rh3 37. Rb7+ Kf8 38. Kd4 Rxg3 39. c5 Rxa3
40. c6 Ke8 41. Rb8+ 1-0

[Event "USCL Boston vs Philadelphia"]
[Site "Internet Chess Club"]
[Date "2008.10.01"]
[Round "6"]
[White "Bartell, Tom"]
[Black "Vigorito, David"]
[Result "1-0"]
[WhiteElo "2386"]
[BlackElo "2431"]
[PlyCount "77"]
[EventDate "2008.??.??"]

1. Nf3 Nf6 2. c4 c6 3. d4 d5 4. e3 Bf5 5. Nc3 e6 6. Nh4 Bg6 7. Nxg6 hxg6 8. g3
Nbd7 9. Bd2 Bb4 10. Qb3 Bxc3 11. Bxc3 Ne4 12. Bg2 Nxc3 13. bxc3 Qc7 14. Rb1 Rb8
15. Qa3 dxc4 16. Qxa7 Rh5 17. Qa4 Nb6 18. Qc2 Ra5 19. O-O Rba8 20. e4 Rxa2 21.
Rb2 Rxb2 22. Qxb2 Na4 23. Qb4 b5 24. d5 e5 25. Bh3 Rd8 26. Rd1 Qd6 27. Qa5 Qc5
28. Rb1 Rd6 29. dxc6 Qxc6 30. Rxb5 Nb6 31. Rxe5+ Kf8 32. Qa7 Kg8 33. Qb8+ Kh7
34. Re8 Rd1+ 35. Kg2 g5 36. Bf5+ g6 37. Qe5 gxf5 38. Qh8+ Kg6 39. Rg8# 1-0

[Event "USCL Chicago vs Miami"]
[Site "Internet Chess Club"]
[Date "2008.10.01"]
[Round "6"]
[White "Lugo, Blas"]
[Black "Tate, Emory"]
[Result "0-1"]
[WhiteElo "2393"]
[BlackElo "2392"]
[PlyCount "120"]
[EventDate "2008.??.??"]

1. e4 c6 2. Nc3 d5 3. Nf3 Bg4 4. d4 e6 5. h3 Bxf3 6. Qxf3 Qb6 7. Bd3 Nf6 8. O-O
Be7 9. exd5 cxd5 10. Qg3 O-O 11. Qh4 Nc6 12. Bg5 Qxd4 13. Bxh7+ Nxh7 14. Bxe7
Qxh4 15. Bxh4 Nd4 16. Rfd1 Nf5 17. Bg3 Nxg3 18. fxg3 Rfc8 19. Rd4 Rc7 20. g4
Rac8 21. Rb4 a6 22. a4 Rd7 23. Rd1 Nf6 24. g5 Ne8 25. Rbd4 Rdc7 26. g6 fxg6 27.
Re1 Rc6 28. Rb4 b6 29. Ne2 a5 30. Rb3 Rc4 31. Rxb6 Re4 32. c3 Nf6 33. Kf1 Rf8
34. Kg1 Nh5 35. b4 Nf4 36. bxa5 Rxe2 37. Rxe2 Nxe2+ 38. Kh2 Nxc3 39. Rxe6 Ra8
40. a6 Ne4 41. Rxg6 Nf6 42. Rg3 Rxa6 43. Ra3 Ra5 44. Kg3 Kf7 45. Kf4 Ke6 46.
Kg5 d4+ 47. Kg6 Ra7 48. g4 Kd5 49. g5 Ne4 50. h4 Kc4 51. a5 d3 52. Ra4+ Kd5 53.
h5 d2 54. Ra1 Kd4 55. h6 Ra6+ 56. Kxg7 Nxg5 57. Rg1 Rxa5 58. Kg6 Kc3 59. Rxg5
Ra6+ 60. Kg7 d1=Q 0-1

[Event "USCL Tennessee vs Dallas"]
[Site "Internet Chess Club"]
[Date "2008.10.01"]
[Round "6"]
[White "Zorigt, Bayaraa"]
[Black "McCarthy, Brian"]
[Result "1/2-1/2"]
[WhiteElo "2217"]
[BlackElo "2207"]
[PlyCount "78"]
[EventDate "2008.??.??"]

1. e4 c5 2. Nf3 a6 3. d4 cxd4 4. Nxd4 Nf6 5. Nc3 e5 6. Nf3 Bb4 7. Bd2 d6 8. Bd3
Nbd7 9. a3 Bxc3 10. Bxc3 Nc5 11. Qe2 Na4 12. O-O Nxc3 13. bxc3 O-O 14. h3 Qc7
15. c4 Nh5 16. Rfd1 Nf4 17. Qe3 Be6 18. Nd2 Rad8 19. Rab1 Qe7 20. Bf1 Rd7 21.
Rb6 Rc8 22. Rdb1 Rcc7 23. Kh2 h6 24. g3 Ng6 25. R1b4 Qf6 26. Nb3 Qe7 27. Na5 f5
28. Bg2 f4 29. Qb3 fxg3+ 30. fxg3 Qf7 31. Rxb7 Qf2 32. Rxc7 Rxc7 33. Nb7 Rd7
34. Rb6 Qd4 35. Qb4 Kh7 36. c5 Qf2 37. Rxd6 Nf4 38. gxf4 Qxf4+ 39. Kg1 Qe3+
1/2-1/2

[Event "USCL Boston vs Philadelphia"]
[Site "Internet Chess Club"]
[Date "2008.10.01"]
[Round "6"]
[White "Shmelov, Denys"]
[Black "Costigan, Richard"]
[Result "1/2-1/2"]
[WhiteElo "2446"]
[BlackElo "2288"]
[PlyCount "97"]
[EventDate "2008.??.??"]

1. d4 Nf6 2. c4 c5 3. d5 b5 4. cxb5 a6 5. bxa6 Bxa6 6. Nc3 d6 7. e4 Bxf1 8.
Kxf1 g6 9. Nf3 Nbd7 10. h3 Bg7 11. Kg1 O-O 12. Kh2 Qa5 13. Re1 c4 14. Bg5 Rfb8
15. Re2 Ne8 16. Nd4 Bxd4 17. Qxd4 f6 18. Be3 Nc5 19. Rb1 Qa6 20. Qd2 Na4 21.
Nxa4 Qxa4 22. a3 Rb3 23. Rc1 Rc8 24. Qd4 Rd3 25. Qa7 Qxa7 26. Bxa7 c3 27. Rxc3
Rdxc3 28. bxc3 Rc4 29. Bd4 Ra4 30. Ra2 Kf7 31. Kg3 f5 32. exf5 gxf5 33. Kf4 Nc7
34. Kxf5 Nxd5 35. f4 h6 36. g3 e6+ 37. Kg4 e5 38. Bf2 Nxc3 39. Rc2 Nd5 40. Re2
exf4 41. gxf4 Nxf4 42. Rd2 Nd3+ 43. Kh5 Ra5+ 44. Kg4 Rxa3 45. Bd4 Ne5+ 46. Bxe5
dxe5 47. Kf5 Rf3+ 48. Kxe5 Rxh3 49. Kf5 1/2-1/2

[Event "USCL Boston vs Philadelphia"]
[Site "Internet Chess Club"]
[Date "2008.10.01"]
[Round "6"]
[White "Bengtson, Matthew"]
[Black "Krasik, Ilya"]
[Result "1-0"]
[WhiteElo "2242"]
[BlackElo "2144"]
[PlyCount "119"]
[EventDate "2008.??.??"]

1. d4 Nf6 2. c4 c5 3. d5 b5 4. cxb5 a6 5. bxa6 g6 6. Nc3 Bxa6 7. g3 d6 8. Bg2
Bg7 9. Nf3 Nbd7 10. Rb1 Qa5 11. O-O O-O 12. Qc2 Ng4 13. Bd2 Nge5 14. Nxe5 Nxe5
15. Rfd1 Rfb8 16. Be1 Ra7 17. a4 Bc8 18. b3 Bf5 19. Be4 Bxe4 20. Nxe4 Qa6 21.
Nc3 Qc8 22. Kg2 Raa8 23. Nb5 h5 24. h3 Ra6 25. Bc3 Qb7 26. Bxe5 Bxe5 27. Na3 h4
28. g4 e6 29. Qd3 c4 30. Nxc4 exd5 31. Qxd5 Qe7 32. a5 Rb4 33. Rd3 Ra7 34. Re3
Qc7 35. Rd1 Rxc4 36. Qxc4 Qxa5 37. Qd5 Qb6 38. Rf3 Kg7 39. Rc1 Re7 40. Qc4 f6
41. Qc6 Qb4 42. Qd5 Bb2 43. Rc8 Rf7 44. Qe6 Qb7 45. Qe8 Kh6 46. g5+ Kxg5 47.
Qe3+ Kh5 48. Rh8+ Rh7 49. Rxh7+ Qxh7 50. Qe6 Qc7 51. Qg4+ Kh6 52. Qxh4+ Kg7 53.
Qc4 Qb7 54. b4 Be5 55. b5 Qb8 56. Qc6 Bd4 57. Ra3 Qd8 58. Ra8 Qe7 59. Qd5 f5
60. Qxd4+ 1-0

[Event "USCL Tennessee vs Dallas"]
[Site "Internet Chess Club"]
[Date "2008.10.01"]
[Round "6"]
[White "Bereolos, Peter"]
[Black "Schneider, Igor"]
[Result "1/2-1/2"]
[WhiteElo "2304"]
[BlackElo "2396"]
[PlyCount "88"]
[EventDate "2008.??.??"]

1. d4 d5 2. c4 e6 3. Nc3 c6 4. e4 Bb4 5. e5 Ne7 6. Nf3 dxc4 7. Bxc4 c5 8. a3
Ba5 9. O-O cxd4 10. Ne4 Bc7 11. Bf4 Nbc6 12. Re1 h6 13. Bd3 Nf5 14. Rc1 a6 15.
b4 Nce7 16. h3 Ng6 17. Bh2 O-O 18. Nc5 Re8 19. Be4 Rb8 20. Qb3 b6 21. Nd3 Bb7
22. Bxb7 Rxb7 23. Qc4 Ra7 24. Re4 Qd5 25. Qxd5 exd5 26. Re2 f6 27. e6 Bxh2+ 28.
Kxh2 Rb7 29. g4 Ngh4 30. Nxh4 Nxh4 31. f4 f5 32. Kg3 g5 33. Re5 Kg7 34. gxf5
Kf6 35. fxg5+ hxg5 36. Kg4 Ng2 37. Rc6 Ne3+ 38. Kf3 Rh7 39. e7+ Kf7 40. f6
Rxh3+ 41. Ke2 Rh2+ 42. Ke1 Rh1+ 43. Ke2 Rh2+ 44. Ke1 Rh1+ 1/2-1/2

[Event "USCL Tennessee vs Dallas"]
[Site "Internet Chess Club"]
[Date "2008.10.01"]
[Round "6"]
[White "Bartholomew, John"]
[Black "Andrews, Todd"]
[Result "0-1"]
[WhiteElo "2488"]
[BlackElo "2350"]
[PlyCount "170"]
[EventDate "2008.??.??"]

1. d4 Nf6 2. Nf3 c5 3. d5 e6 4. Nc3 Nxd5 5. Nxd5 exd5 6. Qxd5 Nc6 7. Bg5 Qa5+
8. c3 d6 9. e4 Be6 10. Qd2 f6 11. Bf4 Be7 12. Be2 O-O 13. O-O Rad8 14. Rfd1
Rfe8 15. Qc2 Bf8 16. Nd2 Kh8 17. Nc4 Qc7 18. Ne3 Qf7 19. b3 Qg6 20. Rd2 Bg8 21.
Bf3 Ne5 22. Bxe5 fxe5 23. Rad1 Be6 24. Nf5 d5 25. Ng3 d4 26. Bh5 Qf6 27. Bxe8
Rxe8 28. Rf1 Bd6 29. Ne2 Bg4 30. f3 Rf8 31. Rdd1 Bh5 32. c4 Qg5 33. Qd2 Qh4 34.
Rf2 Be7 35. Rdf1 Bg5 36. f4 Bh6 37. g3 Qh3 38. Qd3 Kg8 39. Kh1 Bg6 40. Ng1 Qg4
41. h3 Qh5 42. f5 Be3 43. g4 Qh4 44. Rg2 Be8 45. Nf3 Qxh3+ 46. Nh2 Bc6 47. Rf3
Qh4 48. Rxe3 dxe3 49. Qxe3 Rd8 50. Kg1 Rd4 51. Qg3 Qxg3 52. Rxg3 Bxe4 53. Re3
Kf7 54. g5 b6 55. Ng4 Bxf5 56. Nxe5+ Ke6 57. Nc6+ Re4 58. Rxe4+ Bxe4 59. Nxa7
Bb1 60. Nc8 Bxa2 61. Nxb6 Bxb3 62. Kf2 Kf5 63. g6 Kxg6 64. Nd7 Kf5 65. Nxc5
Bxc4 66. Kg3 g5 67. Nb7 Bd5 68. Nd6+ Ke5 69. Nb5 h5 70. Nc3 Be6 71. Ne2 h4+ 72.
Kf3 g4+ 73. Ke3 Bd5 74. Nf4 Be4 75. Nh5 g3 76. Nf4 g2 77. Nh3 Bf5 78. Ng1 h3
79. Nf3+ Kd5 80. Kf2 Ke4 81. Ne1 Ke5 82. Nf3+ Kf4 83. Nh4 Be4 84. Kg1 Kg4 85.
Nxg2 hxg2 0-1

[Event "USCL Queens vs Carolina"]
[Site "Internet Chess Club"]
[Date "2008.10.20"]
[Round "9"]
[White "Stripunsky, Alex"]
[Black "Milman, Lev"]
[Result "1-0"]
[WhiteElo "2601"]
[BlackElo "2502"]
[PlyCount "53"]
[EventDate "2008.??.??"]

1. c4 Nf6 2. Nc3 e5 3. Nf3 Nc6 4. a3 Be7 5. e3 d5 6. cxd5 Nxd5 7. Qc2 O-O 8.
Nxd5 Qxd5 9. Bd3 Kh8 10. Be4 Qd6 11. b4 f5 12. Bxc6 bxc6 13. Bb2 Bf6 14. O-O
Be6 15. Rac1 Bd5 16. Qxf5 a5 17. Bxe5 Bxe5 18. Qxe5 axb4 19. Qxd6 cxd6 20. axb4
Rab8 21. Nd4 Rfc8 22. Nf5 Rf8 23. Nxd6 Rxb4 24. f3 Rf6 25. Ne4 Bxe4 26. fxe4
Rxf1+ 27. Kxf1 1-0

[Event "USCL Queens vs Carolina"]
[Site "Internet Chess Club"]
[Date "2008.10.20"]
[Round "9"]
[White "Zaikov, Oleg"]
[Black "Vovsha, Eli"]
[Result "0-1"]
[WhiteElo "2376"]
[BlackElo "2532"]
[PlyCount "76"]
[EventDate "2008.??.??"]

1. d4 d6 2. e4 Nf6 3. Nc3 g6 4. f4 Bg7 5. Nf3 O-O 6. Bd3 Na6 7. O-O c5 8. Bxa6
cxd4 9. Nxd4 bxa6 10. Nb3 Qb6+ 11. Kh1 a5 12. e5 dxe5 13. fxe5 Ng4 14. Qf3 Be6
15. Bf4 Nxe5 16. Qe4 Ng4 17. Bg3 Rac8 18. Rae1 Qb4 19. Nd5 Qxe4 20. Nxe7+ Kh8
21. Rxe4 Rxc2 22. Nd4 Rc4 23. Nxe6 Rxe4 24. Nxf8 Rxe7 25. Bd6 Re2 26. h3 Nf2+
27. Kh2 Ne4 28. Ba3 Nf6 29. Rc1 Re8 30. Rc6 Kg8 31. Ra6 h5 32. b3 h4 33. Bb2
Nh5 34. Bxg7 Kxg7 35. Nxg6 fxg6 36. Rxa7+ Kh6 37. Rxa5 Ng3 38. Ra4 g5 0-1

[Event "USCL Queens vs Carolina"]
[Site "Internet Chess Club"]
[Date "2008.10.20"]
[Round "9"]
[White "Katz, Benjamin"]
[Black "Simpson, Ron"]
[Result "0-1"]
[WhiteElo "2108"]
[BlackElo "2346"]
[PlyCount "98"]
[EventDate "2008.??.??"]

1. e4 e5 2. Nf3 Nc6 3. Bb5 a6 4. Ba4 Bc5 5. O-O b5 6. Bb3 Nf6 7. c3 O-O 8. d4
Bb6 9. Nxe5 Nxe5 10. dxe5 Nxe4 11. Bd5 Nxf2 12. Rxf2 c6 13. Bb3 Bxf2+ 14. Kxf2
Qh4+ 15. Kg1 Qe4 16. Nd2 Qxe5 17. Nf3 Qc5+ 18. Qd4 d6 19. Bf4 Qxd4+ 20. cxd4
Rd8 21. Re1 Bf5 22. Nh4 Bd3 23. Re3 Bc4 24. Bxc4 bxc4 25. Nf5 d5 26. Ne7+ Kh8
27. Nxc6 Rd7 28. Re7 Rxe7 29. Nxe7 Rd8 30. Bd2 Rd6 31. Bb4 Rd7 32. Kf2 g6 33.
Ke3 Kg7 34. Bc5 Kf6 35. Nc8 Ke6 36. Nb6 Rd8 37. Na4 Re8 38. Nb6 g5 39. Kf3 h5
40. Kg3 f5 41. Kf3 f4 42. h4 Rg8 43. hxg5 Rxg5 44. Bb4 Rg3+ 45. Kf2 h4 46. a4
Rb3 47. Nxd5 Rxb2+ 48. Kf3 Kxd5 49. Be1 c3 0-1

[Event "USCL Queens vs Carolina"]
[Site "Internet Chess Club"]
[Date "2008.10.20"]
[Round "9"]
[White "Jones, Craig"]
[Black "Smith, Shaun"]
[Result "1-0"]
[WhiteElo "2320"]
[BlackElo "2054"]
[PlyCount "131"]
[EventDate "2008.??.??"]

1. Nf3 c5 2. c4 Nc6 3. Nc3 g6 4. e3 Nf6 5. d4 cxd4 6. exd4 d5 7. cxd5 Nxd5 8.
Bc4 Nxc3 9. bxc3 Bg7 10. O-O O-O 11. h3 Qc7 12. Bb3 Na5 13. c4 Nxc4 14. Bg5 b5
15. a4 bxa4 16. Bxc4 Qxc4 17. Bxe7 Re8 18. Rxa4 Qc6 19. d5 Qd7 20. d6 Bb7 21.
Rf4 Rxe7 22. dxe7 Qxe7 23. Qb3 Bxf3 24. Qxf3 Rb8 25. Re4 Qc5 26. Rd1 Be5 27. g3
Rb6 28. Kg2 a5 29. Re2 Rd6 30. Qa8+ Kg7 31. Rde1 Bd4 32. Rd1 Be5 33. Rxd6 Bxd6
34. Re8 Bf8 35. Rc8 Qb4 36. Qd5 Qb2 37. Rc7 Qf6 38. Qxa5 h5 39. Qd5 Kg8 40. Rc6
Qg7 41. Qd8 Kh7 42. Rc8 Kg8 43. Qe8 Qh6 44. Kf3 Qg7 45. Kg2 Qh6 46. Rc7 Qg7 47.
Rd7 Qf6 48. Rd8 Qg7 49. h4 Qh6 50. Kf3 Qg7 51. Ke4 Qh6 52. f4 Qg7 53. Qe5 Kh7
54. f5 Qxe5+ 55. Kxe5 Ba3 56. fxg6+ fxg6 57. Kf6 Bb2+ 58. Kf7 Be5 59. Rd3 Bc7
60. Kf6 Kh6 61. Rb3 Bd8+ 62. Kf7 g5 63. Rd3 gxh4 64. Rxd8 hxg3 65. Kf6 Kh7 66.
Kg5 1-0

[Event "USCL New York vs Baltimore"]
[Site "Internet Chess Club"]
[Date "2008.10.22"]
[Round "9"]
[White "Braylovsky, Gregory"]
[Black "Zimmer, Ralph"]
[Result "1-0"]
[WhiteElo "2445"]
[BlackElo "2328"]
[PlyCount "53"]
[EventDate "2008.??.??"]

1. e4 c5 2. c3 d5 3. exd5 Qxd5 4. d4 Nf6 5. Nf3 Bg4 6. Be2 e6 7. O-O Nc6 8. h3
Bh5 9. Be3 cxd4 10. cxd4 Be7 11. Nc3 Qd6 12. Qb3 O-O 13. Rfd1 Rfd8 14. a3 a6
15. Na4 b5 16. Nc5 Rab8 17. Nxa6 Nxd4 18. Bxd4 Qxa6 19. a4 bxa4 20. Qxb8 Qxe2
21. Qc7 Rd7 22. Qg3 Bd6 23. Rdc1 h6 24. Rc8+ Kh7 25. Qh4 Bxf3 26. Bxf6 Bb7 27.
Rh8+ 1-0

[Event "USCL New York vs Baltimore"]
[Site "Internet Chess Club"]
[Date "2008.10.22"]
[Round "9"]
[White "Kahn, Aaron"]
[Black "Herman, Matt"]
[Result "1/2-1/2"]
[WhiteElo "2291"]
[BlackElo "2271"]
[PlyCount "75"]
[EventDate "2008.??.??"]

1. d4 d5 2. Bg5 h6 3. Bh4 c6 4. Nf3 Qb6 5. Qc1 Bf5 6. e3 e6 7. c4 Nd7 8. Nc3
Ne7 9. Be2 Bh7 10. g4 dxc4 11. Bxc4 Nd5 12. O-O Bd6 13. Re1 N7f6 14. h3 g5 15.
Bg3 Bxg3 16. fxg3 Nxc3 17. bxc3 Ne4 18. Kh2 Qc7 19. Rg1 h5 20. gxh5 g4 21. hxg4
Bf5 22. Bd3 Nxg3 23. Rxg3 Bxd3 24. Qd2 Bc4 25. Ne5 Bd5 26. e4 Bxe4 27. Qf4 f5
28. Qg5 Qh7 29. Ng6 Rg8 30. Re1 Kd7 31. c4 Rae8 32. d5 exd5 33. gxf5 Kc7 34.
cxd5 Bxd5 35. Rge3 Bf7 36. Re7+ Rxe7 37. Rxe7+ Kb8 38. Kg3 1/2-1/2

[Event "USCL Philadelphia vs Boston"]
[Site "Internet Chess Club"]
[Date "2008.10.22"]
[Round "9"]
[White "Krasik, Ilya"]
[Black "Bengtson, Matthew"]
[Result "1-0"]
[WhiteElo "2144"]
[BlackElo "2242"]
[PlyCount "69"]
[EventDate "2008.??.??"]

1. d4 Nf6 2. c4 g6 3. Nc3 d5 4. cxd5 Nxd5 5. e4 Nxc3 6. bxc3 Bg7 7. Nf3 c5 8.
Rb1 O-O 9. Be2 b6 10. O-O Bb7 11. d5 Bxc3 12. Bf4 e6 13. Qb3 Bg7 14. dxe6 fxe6
15. Ng5 Bc8 16. Nxe6 Bxe6 17. Qxe6+ Kh8 18. Rfd1 Qe8 19. Qxe8 Rxe8 20. Bb5 Rc8
21. Rd6 a6 22. Bc4 b5 23. Be6 Rf8 24. Be3 Ra7 25. Bxc5 Rc7 26. Rc1 Re8 27. f4
Bf6 28. Be3 Rxc1+ 29. Bxc1 Kg7 30. Be3 Be7 31. Rb6 Rd8 32. Kf2 Rd6 33. Ke2 Nc6
34. Bd5 Nb4 35. Rb7 1-0

[Event "USCL Dallas vs San Francisco"]
[Site "Internet Chess Club"]
[Date "2008.10.22"]
[Round "9"]
[White "Schneider, Igor"]
[Black "Pruess, David"]
[Result "1-0"]
[WhiteElo "2396"]
[BlackElo "2479"]
[PlyCount "57"]
[EventDate "2008.??.??"]

1. e4 e5 2. Nf3 Nc6 3. Bb5 a6 4. Ba4 Nf6 5. O-O Be7 6. Re1 b5 7. Bb3 d6 8. c3
O-O 9. h3 Na5 10. Bc2 c5 11. d4 Nd7 12. b3 cxd4 13. cxd4 Nc6 14. Nc3 exd4 15.
Nd5 Nde5 16. Nxd4 Nxd4 17. Qxd4 Bxh3 18. f4 Bh4 19. Rf1 Nc6 20. Qc3 Bg4 21. Bb2
f6 22. g3 Rc8 23. gxh4 Ne5 24. Qg3 Nf3+ 25. Rxf3 Bxf3 26. Bd3 Bh5 27. Kh2 Kh8
28. Rg1 Rg8 29. Nxf6 1-0

[Event "USCL Philadelphia vs Boston"]
[Site "Internet Chess Club"]
[Date "2008.10.22"]
[Round "9"]
[White "Perelshteyn, Eugene"]
[Black "Bartell, Tom"]
[Result "1/2-1/2"]
[WhiteElo "2615"]
[BlackElo "2386"]
[PlyCount "104"]
[EventDate "2008.??.??"]

1. e4 c5 2. Nf3 Nc6 3. d4 cxd4 4. Nxd4 g6 5. c4 Bg7 6. Be3 Nf6 7. Nc3 d6 8. Be2
O-O 9. O-O Nxd4 10. Bxd4 Bd7 11. f3 a5 12. Qd2 Bc6 13. Rab1 Nd7 14. Bf2 Nc5 15.
Rfc1 Qb6 16. b3 Rfc8 17. Rc2 Qd8 18. Bf1 b6 19. Rd1 Qf8 20. Nd5 Rab8 21. Bh4
Rb7 22. Qe3 Re8 23. Rcd2 Bh6 24. Bg5 Bxg5 25. Qxg5 Qg7 26. h4 Qe5 27. Qe3 Bxd5
28. Rxd5 Qg3 29. Qf2 Qxf2+ 30. Kxf2 Nd7 31. g3 Rc8 32. Bh3 Rc5 33. Bxd7 Rxd7
34. e5 Rxd5 35. Rxd5 Kf8 36. Ke3 Ke8 37. Rb5 Rb7 38. exd6 exd6 39. Kf4 h6 40.
h5 Kd7 41. g4 Kc6 42. g5 hxg5+ 43. Kxg5 gxh5 44. Kxh5 Re7 45. Kg5 Re2 46. a4
Re6 47. f4 Rg6+ 48. Kf5 Re6 49. Kg5 Rg6+ 50. Kf5 Re6 51. Kg5 Rg6+ 52. Kf5 Re6
1/2-1/2

[Event "USCL Seattle vs Tennessee"]
[Site "Internet Chess Club"]
[Date "2008.10.22"]
[Round "9"]
[White "Bick, John"]
[Black "Readey, John"]
[Result "1-0"]
[WhiteElo "2249"]
[BlackElo "2296"]
[PlyCount "57"]
[EventDate "2008.??.??"]

1. d4 Nf6 2. c4 g6 3. Nc3 Bg7 4. e4 d6 5. f3 O-O 6. Be3 c5 7. dxc5 dxc5 8. e5
Qxd1+ 9. Rxd1 Nfd7 10. f4 Nc6 11. Nf3 f6 12. exf6 Bxf6 13. g4 Nd4 14. Nxd4 cxd4
15. Bxd4 Bh4+ 16. Bf2 Bxf2+ 17. Kxf2 Ne5 18. Kg3 Nxg4 19. Nd5 Nf6 20. Nxf6+
exf6 21. Bg2 Rb8 22. Rhe1 b6 23. Re7 a5 24. Rd6 Bf5 25. Bb7 Kh8 26. Rxb6 Rfd8
27. Rxf6 h5 28. Rff7 Rd3+ 29. Kh4 1-0

[Event "USCL Chicago vs Arizona"]
[Site "Internet Chess Club"]
[Date "2008.10.22"]
[Round "9"]
[White "Johnson, Joel"]
[Black "Meerovich, Ilan"]
[Result "1-0"]
[WhiteElo "2211"]
[BlackElo "2131"]
[PlyCount "61"]
[EventDate "2008.??.??"]

1. e4 d6 2. d3 g6 3. g3 Bg7 4. Bg2 Nf6 5. f4 O-O 6. Nf3 c5 7. O-O Nc6 8. h3 d5
9. e5 Nd7 10. c3 e6 11. Na3 a6 12. Nc2 b5 13. d4 c4 14. Qe1 a5 15. a3 Rb8 16.
Kh1 Qe7 17. Bd2 Rb6 18. g4 Ndb8 19. Qg3 b4 20. axb4 axb4 21. Ne3 bxc3 22. bxc3
f5 23. exf6 Bxf6 24. Rae1 Qc7 25. Ne5 Nxe5 26. fxe5 Bg7 27. Rxf8+ Bxf8 28. Rf1
Rb2 29. Qf4 Qe7 30. Nxd5 exd5 31. Bxd5+ 1-0